MDQL
is popping MORE tags! Check the
thread
!
Quizzes
Events
Quiz Creation
Community
Videos
Private Events
Remove Ads
Sign In
Join for FREE
Feedback
Dark Mode
Quiz Categories
Sports
Geography
Music
Movies
Television
Just For Fun
Miscellaneous
History
Literature
Language
Science
Gaming
Entertainment
Religion
Holiday
For Kids
Quiz Lab
Recent
Popular Today
Quiz Kudos Today
Editor Picks
Curator Picks
Quizzes by...
Day
Popularity
Type
Ratings
Length
Year
Community
Subscriptions
Recent Discussions
Orange Saloon
Badges
Playlists
Quests
Create
Leaderboards
Showdown
Live 5
Trivia Bingo
Activity
Puzzle Library
Sporcle Events
Private Events
Virtual Trivia
Globe League
Become a Host
Pub Owners
SporcleCon
Opinionation
Our Games
Videos
Blog
Mobile Apps
Partnerships
Remove Ads and Go Orange
Feedback
Geography
Country
Landmarks
City
State
Population
World
Capital
Continent
Flags
Europe
Africa
Asia
South America
North America
Oceania
Border
Canada
United Kingdom
Topography
United States
Geography
Country
Landmarks
City
State
Population
World
Capital
Continent
Flags
Europe
Africa
Asia
South America
North America
Oceania
Border
Canada
United Kingdom
Topography
United States
Random Quiz
Search Sporcle
×
Quiz Lab
Quiz Lab
Geography
Numbers
Type in answers that appear in a list
Type in answers that appear in a list
Classic
Best Score? Go Orange.
Most common place names in America ( Stats
Can you name the most common place names in America?
By
PastaFreak
6m
32 Questions
247 Plays
247 Plays
247 Plays
Comments
Comments
Give Quiz Kudos
Give Quiz Kudos
-
- Ratings
hide this ad
Replay
Link that replays current quiz
Next Quiz
Link to next quiz in quiz playlist
You Got
0%
They Got
Avg Score
14%
Avg Friend Score
Upgrade to see
Score Distribution
Jump to the score distribution portion of the page
Score
0/32
Timer
06:00
0
Plays Today
Number of places with the name
Place name
% Correct
18
Washington
75.7%
20
Springfield
71.7%
16
Jackson
42.1%
21
Madison
40.9%
26
Franklin
24.7%
23
Salem
18.6%
27
Clinton
15.4%
18
Manchester
13%
16
Riverside
13%
23
Greenville
11.7%
19
Arlington
11.7%
18
Lexington
11.7%
17
Cleveland
11.3%
17
Newport
8.5%
16
Centerville
8.5%
19
Oxford
8.1%
Number of places with the name
Place name
% Correct
17
Oakland
8.1%
16
Dover
7.7%
19
Georgetown
7.3%
18
Burlington
6.9%
17
Dayton
6.5%
16
Kingston
5.3%
23
Fairview
4.9%
16
Winchester
4.9%
19
Marion
4.5%
16
Auburn
4.5%
16
Hudson
2.8%
16
Milton
2.8%
19
Clayton
2.4%
17
Ashland
2.4%
16
Mount Vernon
2.4%
18
Milford
1.2%
Quiz Playlist
Details
Report
Send in Message
Add To Playlist
Classic:
Type in answers that appear in a list
Quiz Source
Last Updated: Feb 16, 2017
Quiz Scoreboard
CHALLENGE
Sign Up to Join the Scoreboard
Show All
Scores
Hide
Comments
May contain spoilers
Recently Published
Street Fighter Characters
by Artimus82
Gaming
60s
9x9 Crossword: Cartoon Network
by jackfrog10
Miscellaneous
3m
College Basketball Coaching Resumes
by pancakes188
Sports
9m
More to Explore
Quiz From the Vault
Featured Blog Post
Where Did the Easter Bunny Come From?
hide this ad
You Might Also Like...
Tags
Numbers Quiz
America
common
place
Today's Top Quizzes in Geography
Browse Geography
hide this ad
Today's Top Quizzes in Numbers
Browse Numbers
Top Contributed Quizzes in Geography
1
Countries of the World - No Outlines Minefield
2
Top 25 Cities of France on a map
3
Any capital of a 'B' country per Continent
4
Any capital of a 'C' country per Continent
5
Closest Countries to UK A-Z
6
Any capital of a 'D' country per Continent
7
5-to-1: US Geography No Hints
8
Any capital of an 'E' country per Continent
9
Find the US States - No Outlines
10
Any capital of an 'F' country per Continent
Explore More
Trending Topics
NBA
Harry Potter
Anime
Kpop
Crossword
Disney
Marvel
Country
Pokémon
The Office
NFL
WWE
Puzzle
Song
Soccer
hide this ad
More By:
PastaFreak
Quiz
Plays
Rating
Category
Featured
Created
20 Highest Mountains on Earth
2,333
3.44
Geography
Oct 28, 2009
Parishes of Jamaica
589
5.00
Geography
Oct 29, 2009
The Seven Seas of Antiquity
344
2.67
History
Nov 10, 2009
7 wonders of the medieval world
284
1.00
History
Oct 29, 2009
most common place names in America (
247
4.50
Geography
Nov 2, 2009
Go to Creator's Profile
Score Distribution
Quiz Creator Spotlight
PastaFreak
Follow
Send a Message
Quizzes Created
-
Created Quiz Play Count
-
More By This Creator
Popular Quizzes Today
1
Find the US States - No Outlines Minefield
2
Find the Countries of Europe - No Outlines Minefield
3
The Countries of the World
4
Find the US States
5
Risky Map Clicking: Biggest States A-Z
6
US States
7
Popular People in 1961
8
Movies - When Are They Set?
More Geography Quizzes
'A' Countries by Official Motto
Curator's Pick
Trending Quizzes
Risky Map Clicking: Least Populous States A-Z
Countries of the World: 200 Million BC
1-10 Letter G Words
Risky Map Clicking: Next State Alphabetically
Adjectives in 80s TV Shows
Recently Updated
Leaping Animals
pecheneg
Reality TV Shows (A-Z)
bhenderson79
Rickey Henderson's Hall of Fame Teammates
pecheneg
Champions League XIs: Arsenal
pecheneg
Quick Pick: Celebrities in WWE's Hall of Fame
aduchscher
A-Z Keypad Blitz II
pecheneg
Multiple Oscar Actors
pecheneg
Mystery Phrase Blitz: Oscar 'Best Actors'
pecheneg
F. Scott Fitzgerald Novels
LTH
Pick 3 Villains
ddd62291
Trending Topics
Harry Potter
Marvel
Crossword
Kpop
Anime
Disney
NBA
The Office
Soccer
Country
Pokémon
NFL
Song
Puzzle
WWE
Your Account Isn't Verified!
In order to create a playlist on Sporcle, you need to verify the email address you used during registration. Go to your
Sporcle Settings
to finish the process.
Report this User
Report this user for behavior that violates our
Community Guidelines
.
Details:
Send Report
Go to the Sporcle.com Mobile Site →
Comments